000 00298nam a2200121Ia 4500
008 140130s9999 xx 000 0 und d
245 _cMayer, Mercer
_aWhat do you do with a kangaroo
260 _bScholastic,
_c1973
440 _v1
521 _aGrade 3 - Grade 5
942 _cBK
999 _c41041
_d41041